|
|
|
|
| LEADER |
01748nam a2200325 a 4500 |
| 001 |
15970967 |
| 008 |
111016s2011 at a b 001 0 eng d |
| 010 |
|
|
|a 2009940601
|
| 020 |
|
|
|a 9780538467773
|
| 020 |
|
|
|a 0538467770
|
| 020 |
|
|
|a 9781439080993
|
| 020 |
|
|
|a 1439080992
|
| 040 |
|
|
|a DLC
|c DLC
|d DLC
|d BD-DhAAL
|
| 082 |
0 |
0 |
|a 658
|2 22
|
| 100 |
1 |
|
|a Griffin, Ricky.
|
| 245 |
1 |
0 |
|a Management :
|b principles and practices /
|c Ricky W. Griffin.
|
| 250 |
|
|
|a 10th Ed.
|
| 260 |
|
|
|a Australia ;
|a Mason, OH :
|b South-Western, Cengage Learning,
|c 2011.
|
| 300 |
|
|
|a xxix, 822 p. :
|b col. ill. ;
|c 29 cm.
|
| 504 |
|
|
|a Includes bibliographical references (p. 771-791) and indexes.
|
| 541 |
|
|
|e 00023723
|
| 650 |
|
0 |
|a Management.
|
| 852 |
4 |
|
|a Ayesha Abed Library
|j General shelf
|
| 942 |
0 |
0 |
|0 2
|
| 999 |
|
|
|c 11325
|d 11325
|
| 952 |
|
|
|0 0
|1 0
|4 0
|6 658_GRI
|7 0
|9 18408
|a BRACUL
|b BRACUL
|c GEN
|d 2011-10-17
|e Trim Education
|g 3850.00
|l 38
|m 290
|o 658 GRI
|p 3010023723
|r 2026-04-13
|s 2026-04-12
|t 1
|w 2011-10-17
|y BK
|x Available
|
| 952 |
|
|
|0 0
|1 0
|4 0
|6 658_GRI
|7 0
|9 18409
|a BRACUL
|b BRACUL
|c GEN
|d 2011-10-17
|e Trim Education
|g 3850.00
|l 45
|m 313
|o 658 GRI
|p 3010023724
|r 2025-10-09
|s 2025-09-10
|t 2
|w 2011-10-17
|y BK
|x Available
|
| 952 |
|
|
|0 0
|1 0
|2 ddc
|4 0
|6 658_GRI
|7 0
|9 18464
|a BRACUL
|b BRACUL
|c GEN
|d 2011-10-26
|e TRIM EDUCATION
|g 3850.00
|l 42
|m 319
|o 658 GRI
|p 3010023762
|r 2026-05-18
|s 2026-05-17
|t 3
|w 2011-10-31
|y BK
|
| 952 |
|
|
|0 0
|1 0
|2 ddc
|4 0
|6 658_000000000000000_GRI
|7 0
|9 18465
|a BRACUL
|b BRACUL
|c GEN
|d 2011-10-26
|e TRIM EDUCATION
|g 3850.00
|l 56
|m 317
|o 658 GRI
|p 3010023763
|r 2025-06-21
|s 2024-09-10
|t 4
|w 2011-10-31
|y BK
|x Koha Inventory 2020
|
| 952 |
|
|
|0 0
|1 0
|2 ddc
|4 0
|6 658_GRI
|7 0
|9 18466
|a BRACUL
|b BRACUL
|c GEN
|d 2011-10-26
|e TRIM EDUCATION
|g 3850.00
|l 47
|m 258
|o 658 GRI
|p 3010023764
|r 2025-08-06
|s 2025-02-12
|t 5
|w 2011-10-31
|y BK
|